00910nam a22001937a 4500008004100000040001800041041000800059100002500067245022800092260006400320300001800384490005900402500010000461650003400561650002200595650002500617700003500642700003900677130821s sp gr spa  aCo-BoUCMbspa00aspa aChampcommunale, M. J03aLa sucesión ab-intestato en el derecho internacional privadocPor M. J. Champcommunale, versión castellana por Alejo García Góngora, con notas y adiciones relativas a los Estados Americanos por Alejo García Moreno aMadrid (España)bLa España Modernac[fecha desconocida] a572 páginas aBiblioteca de Jurisprudencia, Filosofía é Historia aIncluye bibliografía e índice. -- Este libro se encuentra en el depósito de la biblioteca04aDerecho internacional privado04aDerecho sucesorio04aSucesión intestada aGarcía Góngora, Alejo.eTr aGarcía Moreno, Alejo., Adiciones